දැනුම : 1963 උදුවප්-දෙසැම්බර් - 2 වෙළුම 1 කලාපය /

Danuma
Saved in:
Bibliographic Details
Format: Book
Published: කොළඹ : දැනුම ප්‍රකාශකයෝ, [?].
Tags: Add Tag
No Tags, Be the first to tag this record!

MARC

LEADER 00000nam a2200000 4500
003 LK-CoNLD
005 20250922144813.0
008 250922b |||||||| |||| 00| 0 ||| d
015 |2 slnb 
017 |b LK-CoDNA 
040 |a LK-CoNLD  |b SIN  |c LK-CoNLD  |d LK-CoNLD 
082 |2 23  |a 050  |q LK-CoNLD 
245 |6 880-1  |a දැනුම :  |b 1963 උදුවප්-දෙසැම්බර් - 2 වෙළුම 1 කලාපය /  |c සංස්කරණය එස්.පී පෙරේරා. 
260 |a කොළඹ :  |b දැනුම ප්‍රකාශකයෝ,  |c [?]. 
300 |a පි. 112 ;  |c සෙමි. 18.  |b රෙක-නූබැ : රු.01.00 
505 |a 1) 1964 ජනවාරි - 2 වෙළුම 2 කලාපය 2) 1964 පෙබරවාරි - 2 වෙළුම 3 කලාපය 3) 1964 මාර්තු - 2 වෙළුම 4 කලාපය 4) 1964 අප්‍රේල් - 2 වෙළුම 5 කලාපය 5) 1964 මැයි - 2 වෙළුම 6 කලාපය 6) 1964 ජුනි - 2 වෙළුම 7 කලාපය 7) 1964 ජූලි - 2 වෙළුම 8 කලාපය 8) 1964 අගෝස්තු - 2 වෙළුම 9 කලාපය 9) 1964 සැප්තැම්බර් - 2 වෙළුම 10 කලාපය 10) 1964 ඔක්තෝම්බර් - 2 වෙළුම 11 කලාපය 11) 1964 නොවැම්බර් - 2 වෙළුම 12 කලාපය 
880 |6 245-1  |a Danuma 
942 |c PERIODICAL 
945 |a 21055  |b M. G. D. NAWODA  |c 21055  |d M. G. D. NAWODA 
999 |c 293039  |d 293039